000 00693nam a2200193 a 4500
003 0
005 20250410093731.0
008 071121s19uu xx 00 eng d
050 _aPHS TP 360
_b.F47 2007
100 _aFerenal, Louise Anne Abando.
245 _aBiodiesel from tuba tuba (Jatropha curcas) and coconut (Cocos nucifera) /
_cLouise Anne Abando Ferenal.
260 _aLas PiƱas City, Philippines :
_bSouthville International School and Colleges,
_c2007.
300 _a35 pages :
_billustrations ;
_c28 cm.
504 _aIncludes bibliographical references.
650 _aBiodiesel fuels.
650 _aJatropha curcas.
650 _aRenewable energy sources.
942 _2lcc
_cPASS
999 _c97819
_d97819